Brain 2000 /
A 16-year-old mathematics genius who discovers the earth is going off its axis attempts to convince the adults of the world that steps must be taken to prevent world catastrophe.
Kaydedildi:
| Yazar: | |
|---|---|
| Materyal Türü: | Kitap |
| Dil: | English |
| Baskı/Yayın Bilgisi: |
Garden City, N.Y. :
Doubleday,
1980.
|
| Edisyon: | 1st ed. |
| LEADER | 01001nam a2200241 i 4500 | ||
|---|---|---|---|
| 001 | c000099298 | ||
| 003 | CARM | ||
| 005 | 00000000000000.0 | ||
| 008 | 800227s1980 nyu j 00011 eng | ||
| 019 | 1 | |a 1682163 |5 LACONCORD2021 | |
| 020 | |a 0385143931 : |c $11.95 | ||
| 035 | |a (OCoLC)6087978 |5 LACONCORD2021 | ||
| 050 | 0 | 0 | |a PS3513.A56 |b B7 |
| 100 | 1 | |a Gann, Ernest K. |q (Ernest Kellogg), |d 1910- | |
| 245 | 1 | 0 | |a Brain 2000 / |c by Ernest K. Gann. |
| 250 | |a 1st ed. | ||
| 260 | |a Garden City, N.Y. : |b Doubleday, |c 1980. | ||
| 300 | |a 372 p. ; |c 22 cm. | ||
| 520 | |a A 16-year-old mathematics genius who discovers the earth is going off its axis attempts to convince the adults of the world that steps must be taken to prevent world catastrophe. | ||
| 852 | 8 | |b CARM |h A2:AG22C0 |i B03032 |p 0137070 |f BK | |
| 082 | 0 | 4 | |a 813/.54 |a Fic |
| 999 | f | f | |i 5cf70e8d-9481-5dfb-9cc5-08f6fd02d120 |s bc32c61b-984f-50a8-940e-6769d1958ee6 |
| 952 | f | f | |p Can circulate |a CAVAL |b CAVAL |c CAVAL |d CARM 1 Store |e B03032 |f A2:AG22C0 |h Other scheme |i book |m 0137070 |